Các quyền hiến định về xã hội của công dân ở Việt Nam hiện nay : (Sách chuyên khảo) /

Cơ sở lý luận của các quyền hiến định về xã hội của công dân ở Việt Nam; Những biện pháp nâng cao hiệu quả bảo đảm thực hiện các quyền hiến định về xã hội của công dân ở Việt Nam hiện nay.

Tallennettuna:
Bibliografiset tiedot
Päätekijä: Nguyễn Văn Động.
Aineistotyyppi: Kirja
Kieli:Vietnamese
Julkaistu: Hà Nội : Tư pháp, 2004.
Aiheet:
Tagit: Lisää tagi
Ei tageja, Lisää ensimmäinen tagi!
Thư viện lưu trữ: Mạng thư viện Đại học Đà Nẵng
LEADER 01511cam a2200373 a 4500
001 000044487
003 2886
005 20060427091233.0
008 010220b2004 vm 000 vie
020 |c 42800 
040 |a LRC  |c LRC  |d LRC 
041 0 |a vie 
082 1 4 |a 342.597083  |b NG-Đ 
100 1 |a Nguyễn Văn Động. 
245 1 4 |a Các quyền hiến định về xã hội của công dân ở Việt Nam hiện nay :  |b (Sách chuyên khảo) /  |c Nguyễn Văn Động. 
260 |a Hà Nội :  |b Tư pháp,  |c 2004. 
300 |a 203 tr. ;  |c 20,5 cm. 
520 3 |a Cơ sở lý luận của các quyền hiến định về xã hội của công dân ở Việt Nam; Những biện pháp nâng cao hiệu quả bảo đảm thực hiện các quyền hiến định về xã hội của công dân ở Việt Nam hiện nay. 
630 0 4 |a Quyền công dân. 
630 0 4 |a Quyền hiến định. 
650 0 4 |a Quyền hiến định  |x Xã hội. 
650 0 4 |a Hiến pháp  |z Việt Nam. 
OWN |a DUT 
AVA |a UDN50  |b DUT  |c Book  |d 342.597083 NG-Đ  |e available  |t Error 5001 Not defined in file expand_doc_bib_avail.  |f 3  |g 0  |h N  |i 0  |j SH  |k 1 
999 |a From the UDN01 
AVA |a UDN50  |b DUT  |c Book  |d 342.597083 NG-Đ  |e available  |t Error 5001 Not defined in file expand_doc_bib_avail.  |f 3  |g 0  |h N  |i 0  |j SH  |k 1 
TYP |a Monograph 
TYP |a Printed language 
980 |a Mạng thư viện Đại học Đà Nẵng